000 01063nam a22002417a 4500
005 20220512143123.0
008 220512b ||||| |||| 00| 0 eng d
020 _a053384007x
040 _cAloy
041 _aeng
082 _223
_a152.4
_bGOLE
100 _aDaniel Goleman
_936382
245 _aEmotional intelligence
260 _aNew York
_bBantam Books
_c1996
300 _axv,413p.
_bPB
_c17x10cm
365 _2Psychology
_b7.50
_c$
_d7.50
520 _aThe book was originally presented in 5 parts on the emotional brain, emotional intelligence, applications, societal influences and emotional literacy. In our full Emotional Intelligence summary, you’ll find these insights consolidated into 4 sections to explain the biology and neurology behind emotions, the dangers of emotional illiteracy, and how to develop emotional intelligence for better outcomes. Here are some key highlights.
650 _aEmotions
_936383
650 _aPsychology
_936384
650 _aEmotional Brain
_936385
700 _aGOLEMAN (Daniel)
_936386
942 _2ddc
_cGF
999 _c222897
_d222897